Glee Trivia season 4 - Statistics

General Stats
  • This quiz has been taken 640 times
  • The average score is 8 of 13
Answer Stats
Hint Answer % Correct
New cheerleader Kitty Wilde
95%
Rachel's new boyfriend Brody Weston
83%
"The new rachel" Blaine Anderson
76%
First new member to join New Directions Wade "Unique" Adams
75%
Who plays Rizzo in the high school production of "Grease"? Santana Lopez
72%
Who does Sam start dating? Brittany S. Pierce
67%
Who wins diva week? Tina Cohen-Chang
63%
Who plays Cassandra July? Kate Hudson
62%
Who gets married in episode 22? Will and Emma
61%
First song in season 4 Call me maybe
34%
Name one glee project member on season 4 of glee Blake Jenner
29%
Last song in season 4 All or nothing
24%
What is the last song Cory/Finn sang on Glee? ( 4x19 ) Don't stop believin'
12%
No matching quizzes found
Score Distribution
Percent of People with Each Score
Percentile by Number Answered
Your Score History
You have not taken this quiz